header

Warm Springs millennium (Record no. 138687)

MARC details
000 -LEADER
fixed length control field 01390nam a2200337Ia 4500
100 1# - MAIN ENTRY--AUTHOR NAME
Personal name Baughman, Mike,
245 10 - TITLE STATEMENT
Title Warm Springs millennium
250 ## - EDITION STATEMENT
Edition statement 1st ed.
260 ## - PUBLICATION, DISTRIBUTION, ETC. (IMPRINT)
Place of publication Austin, TX :
Name of publisher University of Texas Press,
Year of publication 2000.
300 ## - PHYSICAL DESCRIPTION
Number of Pages 171 p. :
Other physical details ill.
650 #0 - SUBJECT ADDED ENTRY--TOPICAL TERM
Topical Term Indians of North America
700 1# - ADDED ENTRY--PERSONAL NAME
Personal name Hadella, Charlotte Cook.
856 40 - ELECTRONIC LOCATION AND ACCESS
Uniform Resource Identifier http://site.ebrary.com/lib/rucke/Doc?id=10172721

No items available.

© 2026 Rongo University
Contact us: librarian | system librarian | Rongo university